[Event "Ruhrgebiet VL1 0708"]
[Site "Germany"]
[Date "2007.10.21"]
[Round "2.8"]
[White "Gajda, Andreas"]
[Black "Rethage, Steffen"]
[Result "1/2-1/2"]
[WhiteElo "1771"]
[BlackElo "1810"]
[PlyCount "108"]
[EventDate "2007.09.02"]
[EventType "team"]
[EventRounds "9"]
[EventCountry "GER"]
[SourceTitle "EXT 2009"]
[Source "ChessBase"]
[SourceDate "2008.11.26"]
[SourceVersion "1"]
[SourceVersionDate "2008.11.26"]
[SourceQuality "1"]
[WhiteTeam "Kirchhellen SF"]
[BlackTeam "Bochum-Linden"]
[WhiteTeamCountry "GER"]
[BlackTeamCountry "GER"]

1. d4 d5 2. Nf3 Nf6 3. c4 e6 4. Nc3 Be7 5. Bg5 0-0 6. e3 h6 7. Bh4 c6 8. Be2 dxc4 9. Bxc4 Nd5 10. Bxe7 Qxe7 11. Qb3 Nd7 12. 0-0 N7f6 13. Ne5 Nxc3 14. bxc3 c5 15. Rad1 cxd4 16. cxd4 Kh8 17. f4 a6 18. a4 b5 19. axb5 axb5 20. Bxb5 Ra3 21. Qc2 Nd5 22. Nc4 Nxe3 23. Nxe3 Rxe3 24. Rfe1 Rxe1+ 25. Rxe1 Qb4 26. Qe2 Qxd4+ 27. Qf2 Qxf2+ 28. Kxf2 Rd8 29. Re2 g6 30. Bc6 Kg7 31. Ra2 Rd6 32. Rc2 Bd7 33. Bf3 Kf6 34. Re2 Bc6 35. Re3 Bxf3 36. Kxf3 Rd5 37. Ra3 g5 38. g3 gxf4 39. gxf4 Kf5 40. h3 f6 41. Rb3 Rd4 42. Rb5+ e5 43. fxe5 fxe5 44. Rb6 Rd3+ 45. Kg2 h5 46. Rb8 h4 47. Rf8+ Ke4 48. Rh8 Rd2+ 49. Kg1 Kf3 50. Rxh4 e4 51. Rh8 e3 52. Rf8+ Kg3 53. Rg8+ Kxh3 54. Kf1 Rf2+ 1/2-1/2

[Event "Ruhrgebiet VL,VK 9900 Relegation2"]
[Site "Ruhrgebiet"]
[Date "2000.06.04"]
[Round "1"]
[White "Rysi, Stefan"]
[Black "Gajda, Andreas"]
[Result "1/2-1/2"]
[WhiteElo "1570"]
[BlackElo "1825"]
[PlyCount "56"]
[EventDate "2000.??.??"]
[EventType "team-tourn"]
[EventRounds "3"]
[EventCountry "GER"]
[SourceTitle "EXT 2024"]
[Source "ChessBase"]
[SourceDate "2023.10.10"]
[SourceVersion "1"]
[SourceVersionDate "2023.10.10"]
[SourceQuality "1"]
[WhiteTeam "Marten Boevinghausen"]
[BlackTeam "Kirchhellen SF"]
[WhiteTeamCountry "GER"]
[BlackTeamCountry "GER"]

1. e4 c6 2. d4 d5 3. Nc3 dxe4 4. Nxe4 Bf5 5. Ng3 Bg6 6. Nf3 Nd7 7. Bd3 Bxd3 8. Qxd3 Qc7 9. 0-0 Ngf6 10. Re1 e6 11. Bd2 Be7 12. a3 0-0 13. Bb4 Bxb4 14. axb4 a6 15. Ne4 Nd5 16. c3 h6 17. Nc5 Rfe8 18. Ne5 Nxe5 19. Rxe5 Red8 20. Qf3 Nb6 21. b3 Rd5 22. Rae1 Nd7 23. Nxd7 Qxd7 24. h3 Qc7 25. Qe4 a5 26. Ra1 Qd8 27. Qe1 Qc7 28. f4 Qb6 1/2-1/2